000 00315nam a2200133Ia 4500
100 _aShort/Kenneth L
942 _cBK
654 _amicroprocessors
245 _aMicroprocessors and programmed logic
260 _bprentice hall
_aNew Delhi
_c1988
082 _a621.381953
_bSHO
300 _a619
546 _aENGLISH
999 _c22981
_d22981